|
|
|
|
| LEADER |
00000nam a2200000Ii 4500 |
| 001 |
DIGMARGE0068 |
| 003 |
NyNyDIG |
| 008 |
230428s2020 sp a o 000 0 spa d |
| 006 |
m o d |
| 007 |
cr ||||||||||| |
| 035 |
|
|
|a (OCoLC)1379464570
|
| 040 |
|
|
|a DGITA
|b eng
|e rda
|e pn
|c DGITA
|
| 020 |
|
|
|a 9788417903398
|q edigital
|
| 020 |
|
|
|z 9788417903381
|q edición impresa
|
| 041 |
1 |
|
|a spa
|h eng
|
| 043 |
|
|
|a e-sp---
|a e-uk-en
|
| 050 |
1 |
4 |
|a HD3271 ebook
|
| 100 |
1 |
|
|a Holyoake, George Jacob,
|d 1817-1906,
|e author.
|
| 240 |
1 |
0 |
|a History of the Rochdale Pioneers.
|l Spanish
|s (Delom)
|
| 245 |
1 |
0 |
|a Historia de los Pioneros de Rochdale :
|b orígenes del movimiento cooperativo internacional /
|c George Jacob Holyoake ; traducción del francés (de la versión abreviada de Marie-Adèle Moret), Bernardo Delom.
|
| 264 |
|
1 |
|a Valencia ;
|a Barcelona :
|b Montaber :
|b Marge Books,
|c 2020.
|
| 300 |
|
|
|a 1 online resource :
|b illustrations.
|
| 336 |
|
|
|a text
|b txt
|2 rdacontent
|
| 337 |
|
|
|a computer
|b c
|2 rdamedia
|
| 338 |
|
|
|a online resource
|b cr
|2 rdacarrier
|
| 347 |
|
|
|a text file
|2 rdaft
|
| 347 |
|
|
|b PDF
|
| 490 |
1 |
|
|a Colección Economía social y solidaria
|
| 588 |
0 |
|
|a Online resource; title from PDF title page (Digitalia, viewed April 28, 2023)
|
| 610 |
2 |
0 |
|a Rochdale Equitable Pioneers' Society.
|
| 650 |
|
0 |
|a Cooperative societies
|z Spain.
|
| 700 |
1 |
|
|a Delom, Bernardo,
|e translator.
|
| 700 |
1 |
|
|i Translation of:
|a Holyoake, George Jacob,
|d 1817-1906.
|t History of the Rochdale Pioneers.
|
| 791 |
2 |
|
|a Digitalia (Firm),
|e distributor.
|
| 793 |
0 |
|
|g Digitalia eBook Collection:
|a Marge Books
|
| 776 |
0 |
8 |
|i Print version:
|a Holyoake, George Jacob, 1817-1906.
|s History of the Rochdale Pioneers. Spanish (Delom)
|t Historia de los Pioneros de Rochdale.
|b 2a edición.
|d Valencia ; Barcelona : Montaber : Marge Books, 2020
|z 9788417903381
|
| 830 |
|
0 |
|a Colección Economía social y solidaria.
|
| 856 |
4 |
0 |
|3 Digitalia Hispánica
|u https://www.digitaliapublishing.com/a/125941/
|
| 910 |
|
|
|a Premium collection: 2023
|